[Event "XIII Torneo - Città di Morrovalle"]
[Site "Auditorium San Francesco, Borgo Marconi, Italy"]
[Date "2025.08.13"]
[Round "4.2"]
[White "Corvi, Marco"]
[Black "Delizia, Costantino"]
[Result "1-0"]
[WhiteElo "2196"]
[BlackElo "1961"]
[PlyCount "95"]
[EventDate "2025.??.??"]

1. c4 e6 2. Nf3 d5 3. e3 Nf6 4. Nc3 dxc4 5. Bxc4 a6 6. a4 c5 7. O-O Nc6 8. d4 cxd4 9. exd4 Be7 10. Be3 O-O 11. Rc1 Bd7 12. Ne5 Rc8 13. Ba2 Nb4 14. Bb1 Bc6 15. Nxc6 Nxc6 16. Qf3 Qa5 17. Qh3 Qh5 18. Qxh5 Nxh5 19. d5 exd5 20. Nxd5 Nf6 21. Nxe7+ Nxe7 22. f3 Ned5 23. Bd4 Rfe8 24. Kf2 Red8 25. Rfd1 Rxc1 26. Rxc1 Kf8 27. g4 g6 28. a5 h6 29. h4 h5 30. g5 Ne8 31. Rd1 Nec7 32. Be4 Ke8 33. Bb6 Nxb6 34. Rxd8+ Kxd8 35. axb6 Na8 36. Bxb7 Nxb6 37. Bxa6 Ke7 38. Ke3 f6 39. f4 fxg5 40. fxg5 Kd6 41. Bd3 Nd5+ 42. Kd4 Nf4 43. b4 Ng2 44. Bxg6 Nxh4 45. Bxh5 Nf5+ 46. Kc4 Ne3+ 47. Kb5 Ke6 48. Kc5 1-0